00373nam a2200145 a 4500001001000000005001700010020001500027041000800042044000700050050002100057245002900078260002600107300004900133500004500182BRCA_336620190320204239.0 a8403602375 aspa asp 4aG1021b.A64 199410aAtlas del mundo Aguilar. aMadridbAguilarc1994 a1 atlas (303 p.)bil. a color, mapasc34 cm. aIncluye índice alfabético y glosario